| 000 | 00508cam a2200193ua 4500 | ||
|---|---|---|---|
| 020 | _a0-07-044828-0 | ||
| 041 |
_aeng _h |
||
| 082 |
_a660.2842 _bMCC/UN |
||
| 100 | _aMccabe, Warren.L . | ||
| 245 |
_aUnit operations of chemical engineering / _cL.Warren Mccabe. _hTextual Documents |
||
| 250 |
_a4 / _b. |
||
| 260 |
_a : _bMc Graw Hill Book Company , _c1985. |
||
| 300 | _a960 ; . | ||
| 504 | _a | ||
| 700 | 1 | _aHarriout, Peter . | |
| 700 | 1 | _aSmith, Julian.C . | |
| 942 | _cBK | ||
| 999 |
_c1521 _d1521 |
||